Stratigraphy and oil-producing zones of the pre-San Andres formations of southeastern New Mexico, (Record no. 28046)
[ view plain ]
| 000 -LEADER | |
|---|---|
| fixed length control field | 01041cam a22002771 4500 |
| 001 - CONTROL NUMBER | |
| control field | gs 45000100 |
| 003 - CONTROL NUMBER IDENTIFIER | |
| control field | DLC |
| 005 - DATE AND TIME OF LATEST TRANSACTION | |
| control field | 20260227111351.0 |
| 008 - FIXED-LENGTH DATA ELEMENTS--GENERAL INFORMATION | |
| fixed length control field | 780524s1945 nmu 000 0 eng c |
| 010 ## - LIBRARY OF CONGRESS CONTROL NUMBER | |
| LC control number | gs 45000100 |
| 035 ## - SYSTEM CONTROL NUMBER | |
| System control number | (OCoLC)3922485 |
| 040 ## - CATALOGING SOURCE | |
| Original cataloging agency | U. S. Geological Survey. Library |
| Transcribing agency | TxEU |
| Modifying agency | DLC |
| 042 ## - AUTHENTICATION CODE | |
| Authentication code | premarc |
| 050 00 - LIBRARY OF CONGRESS CALL NUMBER | |
| Classification number | TN24.N6 |
| Item number | A232 no. 23 |
| 082 ## - DEWEY DECIMAL CLASSIFICATION NUMBER | |
| Classification number | (622.0711789) 551.7 |
| 100 1# - MAIN ENTRY--PERSONAL NAME | |
| Personal name | King, Robert E. |
| Fuller form of name | (Robert Evans), |
| Dates associated with a name | 1906- |
| 245 10 - TITLE STATEMENT | |
| Title | Stratigraphy and oil-producing zones of the pre-San Andres formations of southeastern New Mexico, |
| Remainder of title | a preliminary report. With an explanatory note by Robert L. Bates. |
| 260 ## - PUBLICATION, DISTRIBUTION, ETC. | |
| Place of publication, distribution, etc. | Socorro, |
| Date of publication, distribution, etc. | 1945. |
| 300 ## - PHYSICAL DESCRIPTION | |
| Extent | 34 p. |
| Dimensions | 23 cm. |
| 410 10 - SERIES STATEMENT/ADDED ENTRY--CORPORATE NAME [OBSOLETE, CAN/MARC], [LOCAL, USA] | |
| Corporate name or jurisdiction name as entry element | New Mexico. |
| Subordinate unit | Bureau of Mines and Mineral Resources. |
| Title of a work | Bulletin, |
| Volume number/sequential designation | no. 23 |
| 500 ## - GENERAL NOTE | |
| General note | "May be considered a supplement to Bulletin 18 of this series": p. 6. |
| 504 ## - BIBLIOGRAPHY, ETC. NOTE | |
| Bibliography, etc. note | "References": p. 29. |
| 650 #0 - SUBJECT ADDED ENTRY--TOPICAL TERM | |
| Topical term or geographic name entry element | Geology |
| Geographic subdivision | New Mexico. |
| 650 #0 - SUBJECT ADDED ENTRY--TOPICAL TERM | |
| Topical term or geographic name entry element | Petroleum |
| General subdivision | Geology |
| Geographic subdivision | New Mexico. |
| 700 1# - ADDED ENTRY--PERSONAL NAME | |
| Personal name | Bates, Robert Latimer, |
| Dates associated with a name | 1912- . |
No items available.